Statystyki dla Nazwij pasujące państwo według obszaru spornego

Kliknij tutaj aby rozwiązać quiz!

Ogólne statystyki

  • Ten quiz został rozwiązany 2 639 razy
  • Średni wynik to 9 z 18

Statystyki odpowiedzi

TerytoriumPaństwo% Poprawnych
KrymRosja | Ukraina
100%
Półwysep KoreańskiKorea Południowa | Korea Północna
94%
FalklandyArgentyna | Wielka Brytania
87%
szczyt Mont BlancFrancja | Włochy
86%
Morze EgejskieGrecja | Turcja
82%
Dżammu i KaszmirIndie | Pakistan
77%
Ceuta i MelillaHiszpania | Maroko
59%
Wyspy KurylskieRosja | Japonia
54%
Wzgórza GolanIzrael | Liban | Syria
48%
Trójkąt Hala'ibEgipt | Sudan
39%
Szatt al-ArabIrak | Iran
36%
MajottaFrancja | Komory
33%
HansDania | Kanada
24%
Cieśnina Juana de FucaKanada | Stany Zjednoczone
20%
Wyspy Ashmore i CartieraAustralia | Indonezja
16%
SpratlyBrunei | Chiny | Filipiny | Malezja | Tajwan | Wietnam
13%
CzagosMalediwy | Mauritius | Wielka Brytania
13%
Kotlina FergańskaKirgistan | Tadżykistan | Uzbekistan
11%

Rozkład punktacji

Percentyl według liczby udzielonych odpowiedzi

Procent ludzi z każdym wynikiem

Twoja historia wyników

Nie rozwiązałeś tego quizu